|
|
|
|
| LEADER |
00000cam a22000004a 4500 |
| 001 |
musev2_74220 |
| 003 |
MdBmJHUP |
| 005 |
20230905051706.0 |
| 006 |
m o d |
| 007 |
cr||||||||nn|n |
| 008 |
100810s1996 mx o 00 0 spa d |
| 020 |
|
|
|a 9786075641478
|
| 020 |
|
|
|z 9789681206758
|
| 035 |
|
|
|a (OCoLC)1151095962
|
| 040 |
|
|
|a MdBmJHUP
|c MdBmJHUP
|
| 100 |
1 |
|
|a Ramírez Bonilla, Juan Jose.
|
| 245 |
1 |
0 |
|a Población y políticas sociales en Japón y México :
|b 1870-1990 /
|c Juan Jose Ramírez Bonilla.
|
| 250 |
|
|
|a 1. ed.
|
| 264 |
|
1 |
|a Mexico, D.F. :
|b El Colegio de Mexico, Centro de Estudios de Asia y Africa,
|c 1996.
|
| 264 |
|
3 |
|a Baltimore, Md. :
|b Project MUSE,
|c 2020
|
| 264 |
|
4 |
|c ©1996.
|
| 300 |
|
|
|a 1 online resource:
|b illustrations
|
| 336 |
|
|
|a text
|b txt
|2 rdacontent
|
| 337 |
|
|
|a computer
|b c
|2 rdamedia
|
| 338 |
|
|
|a online resource
|b cr
|2 rdacarrier
|
| 506 |
0 |
|
|a Open Access
|f Unrestricted online access
|2 star
|
| 588 |
|
|
|a Description based on print version record.
|
| 651 |
|
7 |
|a Mexico.
|2 fast
|0 (OCoLC)fst01211700
|
| 651 |
|
7 |
|a Japan.
|2 fast
|0 (OCoLC)fst01204082
|
| 651 |
|
0 |
|a Japan
|x Social policy.
|
| 651 |
|
0 |
|a Japan
|x Population policy
|x History.
|
| 651 |
|
0 |
|a Japan
|x Population
|x History.
|
| 651 |
|
0 |
|a Mexico
|x Social policy.
|
| 651 |
|
0 |
|a Mexico
|x Population policy
|x History.
|
| 651 |
|
0 |
|a Mexico
|x Population
|x History.
|
| 650 |
|
7 |
|a Social policy.
|2 fast
|0 (OCoLC)fst01122738
|
| 650 |
|
7 |
|a Population policy.
|2 fast
|0 (OCoLC)fst01071601
|
| 650 |
|
7 |
|a Population.
|2 fast
|0 (OCoLC)fst01071476
|
| 650 |
|
7 |
|a HISTORY
|z Latin America
|z Mexico.
|2 bisacsh
|
| 655 |
|
7 |
|a History.
|2 fast
|0 (OCoLC)fst01411628
|
| 655 |
|
7 |
|a Electronic books.
|2 local
|
| 710 |
2 |
|
|a Project Muse.
|e distributor
|
| 830 |
|
0 |
|a Book collections on Project MUSE.
|
| 856 |
4 |
0 |
|z Texto completo
|u https://projectmuse.uam.elogim.com/book/74220/
|